101 stories on the Philippine revolution (Record no. 18850)
[ view plain ]
| 000 -LEADER | |
|---|---|
| fixed length control field | 01078cam a2200337 a 4500 |
| 001 - CONTROL NUMBER | |
| control field | 15675636 |
| 003 - CONTROL NUMBER IDENTIFIER | |
| control field | OSt |
| 005 - DATE AND TIME OF LATEST TRANSACTION | |
| control field | 20140310183111.0 |
| 008 - FIXED-LENGTH DATA ELEMENTS--GENERAL INFORMATION | |
| fixed length control field | 090326s2009 ph a 000 0 eng |
| 010 ## - LIBRARY OF CONGRESS CONTROL NUMBER | |
| LC control number | 2009316276 |
| 020 ## - INTERNATIONAL STANDARD BOOK NUMBER | |
| International Standard Book Number | 9712721342 |
| 040 ## - CATALOGING SOURCE | |
| Original cataloging agency | DLC |
| Transcribing agency | DLC |
| Modifying agency | DLC |
| 042 ## - AUTHENTICATION CODE | |
| Authentication code | lcode |
| -- | pcc |
| 043 ## - GEOGRAPHIC AREA CODE | |
| Geographic area code | a-ph--- |
| 050 00 - LIBRARY OF CONGRESS CALL NUMBER | |
| Classification number | DS676 |
| Item number | .Oc15 2009 |
| 082 00 - DEWEY DECIMAL CLASSIFICATION NUMBER | |
| Classification number | FIL959.90297 |
| Item number | O15 2009 |
| 100 1# - MAIN ENTRY--PERSONAL NAME | |
| Personal name | Ocampo, Ambeth R. |
| 245 10 - TITLE STATEMENT | |
| Title | 101 stories on the Philippine revolution |
| Statement of responsibility, etc | Ocampo, Ambeth R. |
| 246 3# - VARYING FORM OF TITLE | |
| Title proper/short title | One hundred one stories on the Philippine revolution |
| 260 ## - PUBLICATION, DISTRIBUTION, ETC. (IMPRINT) | |
| Place of publication, distribution, etc | Pasig City, Philippines |
| Name of publisher, distributor, etc | Anvil |
| Date of publication, distribution, etc | c2009 |
| 300 ## - PHYSICAL DESCRIPTION | |
| Extent | xviii, 312 p. |
| Other physical details | ill. |
| Dimensions | 23 cm. |
| 500 ## - GENERAL NOTE | |
| General note | "Improved edition of the Centennial countdown (1998), now called 101 stories on the Philippine Revolution"--p. x. |
| 521 ## - TARGET AUDIENCE NOTE | |
| Target audience note | |
| 526 ## - STUDY PROGRAM INFORMATION NOTE | |
| Reading level | 1210L-1700L |
| 541 ## - IMMEDIATE SOURCE OF ACQUISITION NOTE | |
| -- | 1 |
| 562 ## - COPY AND VERSION IDENTIFICATION NOTE | |
| Number of copies | 1 |
| 651 #0 - SUBJECT ADDED ENTRY--GEOGRAPHIC NAME | |
| Geographic name | Philippines |
| General subdivision | History |
| Chronological subdivision | Revolution, 1896-1898. |
| 906 ## - LOCAL DATA ELEMENT F, LDF (RLIN) | |
| a | 7 |
| b | cbc |
| c | origode |
| d | 3 |
| e | ncip |
| f | 20 |
| g | y-gencatlg |
| 942 ## - ADDED ENTRY ELEMENTS (KOHA) | |
| Source of classification or shelving scheme | Library of Congress Classification |
| Koha item type | Books |
| Call number prefix | Filipininana |
| Withdrawn status | Lost status | Source of classification or shelving scheme | Damaged status | Home library | Current library | Shelving location | Date acquired | Total Checkouts | Total Renewals | Full call number | Barcode | Date last seen | Date checked out | Copy number | Price effective from | Koha item type |
|---|---|---|---|---|---|---|---|---|---|---|---|---|---|---|---|---|
| Library of Congress Classification | College Library | College Library | Filipiniana Section | 03/23/2013 | 3 | 25 | DS676 .Oc15 2009 | C15618 | 08/15/2018 | 08/06/2018 | 1 | 03/23/2013 | Books |